000
00323nam a2200133Ia 4500
008
240624s9999 xx 000 0 und d
041
_a
eng
082
_a
658.8 ICF
100
_a
ICFAI
245
_a
SERVICES MARKETING WORKBOOK
260
_c
2003
_a
Hyderabad
_b
ICFAI University
300
_a
283 : p. : cm. ; 26
365
_c
RS
999
_c
6133
_d
6133